Famous Richards - Statistics

General Stats
  • This quiz has been taken 56 times
  • The average score is 12 of 25
Answer Stats
Hint Answer % Correct
President who resigned following the Watergate Scandal Richard Nixon
96%
Puerto Rican singer who lived 'La Vida Loca' Ricky Martin
91%
American actor who starred as Edward Lewis in Pretty Woman Richard Gere
87%
British businessman who founded Virgin Richard Branson
85%
Drummer of the Fab Four Ringo Starr
75%
Welsh actor who married Elizabeth Taylor twice Richard Burton
74%
Crusader King of England renowned for his rivalry with Saladin Richard the Lionheart
72%
German composer of the Ring Cycle Richard Wagner
70%
Singer who would neither give you up nor let you down Rick Astley
64%
American actor who featured as Bert the chimney sweep in Mary Poppins Dick van Dyke
60%
American funk singer, sometimes known as 'The Architect of Rock 'n' Roll', whose greatest hit was 'Tutti Frutti' Little Richard
60%
Neoconservative US Vice-President to George W. Bush Dick Cheney
58%
Starred as David Brent in the UK version of The Office Ricky Gervais
53%
Irish actor who featured as Albus Dumbledore in the first two Harry Potter films before his death in 2002 Richard Harris
51%
Actor and director who won the Academy Award for Best Picture for Gandhi Richard Attenborough
47%
Prominent atheist and author of "The God Delusion" Richard Dawkins
32%
Former presenter of Top Gear and the Grand Tour Richard Hammond
32%
American stand-up comedian who co-wrote the Mel Brooks comedy movie Blazing Saddles Richard Pryor
32%
German composer whose 'Also Sprach Zarathustra' was used as the theme to 2001: A Space Odyssey Richard Strauss
23%
Actor whose film debut was the title role in Withnail and I Richard E. Grant
21%
British comedian who starred as awkward computer technician Maurice Moss in The IT Crowd Richard Ayoade
15%
Theoretical physicist and bongo player who worked on the Manhattan Project, and later came to prominence for his work in the Challenger disaster inquiry Richard Feynman
15%
Rock guitarist best remembered for his 1962 hit 'Misirlou', which was used in the soundtrack for Quentin Tarantino's Pulp Fiction Dick Dale
13%
Lead singer of the Kaiser Chiefs Ricky Wilson
8%
First person to win the coveted EGOT - the Emmy, Grammy, Oscar and Tony Awards Richard Rodgers
4%
No matching quizzes found
Score Distribution
Percent of People with Each Score
Percentile by Number Answered
Your Score History
You have not taken this quiz